[Event "Mecklenburg VP-ch U10"]
[Site "Malchow"]
[Date "2019.02.06"]
[Round "7.4"]
[White "Luedtke, Lorenz"]
[Black "Lange, Richard"]
[Result "1-0"]
[WhiteElo "817"]
[BlackElo "827"]
[PlyCount "25"]
[EventDate "2019.02.02"]
[EventType "swiss"]
[EventRounds "7"]
[EventCountry "GER"]
[SourceTitle "EXT 2022"]
[Source "ChessBase"]
[SourceDate "2021.10.06"]
[SourceVersion "1"]
[SourceVersionDate "2021.10.06"]
[SourceQuality "1"]

1. e4 e5 2. Nf3 Nc6 3. Nc3 Bc5 4. Bb5 Nd4 5. Nxd4 Bxd4 6. 0-0 Nf6 7. d3 0-0 8. Bg5 d6 9. Nd5 c6 10. Nxf6+ gxf6 11. Bh6 Re8 12. Qf3 cxb5 13. Qg3+ 1-0

[Event "Mecklenburg VP-ch U10"]
[Site "Malchow"]
[Date "2019.02.05"]
[Round "6.5"]
[White "Garde, Edgar Emil"]
[Black "Luedtke, Lorenz"]
[Result "0-1"]
[WhiteElo "777"]
[BlackElo "817"]
[PlyCount "28"]
[EventDate "2019.02.02"]
[EventType "swiss"]
[EventRounds "7"]
[EventCountry "GER"]
[SourceTitle "EXT 2022"]
[Source "ChessBase"]
[SourceDate "2021.10.06"]
[SourceVersion "1"]
[SourceVersionDate "2021.10.06"]
[SourceQuality "1"]

1. d4 d5 2. e3 Nc6 3. c3 a6 4. Bd3 Nf6 5. f4 Bg4 6. Qd2 Qd6 7. h3 Bh5 8. Be2 Ne4 9. Qd3 Bg6 10. Qd1 Ng3 11. Rh2 0-0-0 12. Qb3 Na5 13. Qa4 Nxe2 14. Nxe2 Nc4 0-1